MDQL
is popping MORE tags! Check the
thread
!
Quizzes
Events
Quiz Creation
Community
Videos
Private Events
Remove Ads
Sign In
Join for FREE
Feedback
Dark Mode
Quiz Categories
Sports
Geography
Music
Movies
Television
Just For Fun
Miscellaneous
History
Literature
Language
Science
Gaming
Entertainment
Religion
Holiday
For Kids
Quiz Lab
Recent
Popular Today
Quiz Kudos Today
Editor Picks
Curator Picks
Quizzes by...
Day
Popularity
Type
Ratings
Length
Year
Community
Subscriptions
Recent Discussions
Orange Saloon
Badges
Playlists
Quests
Create
Leaderboards
Showdown
Live 5
Trivia Bingo
Activity
Puzzle Library
Sporcle Events
Private Events
Virtual Trivia
Globe League
Become a Host
Pub Owners
SporcleCon
Opinionation
Our Games
Videos
Blog
Mobile Apps
Partnerships
Remove Ads and Go Orange
Feedback
Movies
Disney
Marvel Cinematic Universe
Movie Resume
Movie Titles
Oscar
Actor
Actress
Director
Pixar
Role
Movie Quotes
Movie Characters
Box Office
Nominee
Best Picture
Star Wars
James Bond
Horror Movies
Movies
Disney
Marvel Cinematic Universe
Movie Resume
Movie Titles
Oscar
Actor
Actress
Director
Pixar
Role
Movie Quotes
Movie Characters
Box Office
Nominee
Best Picture
Star Wars
James Bond
Horror Movies
Random Quiz
Search Sporcle
×
Quiz Lab
Quiz Lab
Movies
Crime Movie
Type in answers that appear in a list
Type in answers that appear in a list
Classic
Best Score? Go Orange.
Guardian's 25 Best Crime Movies Stats
Can you name the Guardian's 25 best crime movies ever?
By
oliverhancock
7m
25 Questions
415 Plays
415 Plays
415 Plays
Comments
Comments
Give Quiz Kudos
Give Quiz Kudos
-
- Ratings
hide this ad
More Info
Replay
Link that replays current quiz
Next Quiz
Link to next quiz in quiz playlist
You Got
0%
They Got
Avg Score
35%
Avg Friend Score
Upgrade to see
Score Distribution
Jump to the score distribution portion of the page
Score
0/25
Timer
07:00
0
Plays Today
Rank
Movie
% Correct
10
Goodfellas
85.3%
8
Pulp Fiction
77.6%
1
Chinatown
68%
3
Vertigo
56.4%
20
Heat (tied)
55.4%
20
Scarface (tied)
54.7%
14
French Connection
53.3%
12
Bonnie and Clyde
45.1%
11
The Conversation
41.7%
2
Touch of Evil
41%
6
Double Indemnity
39.3%
4
Badlands
37.8%
13
The Killing
36.1%
Rank
Movie
% Correct
5
Rashômon
31.8%
23
Miller’s Crossing
29.6%
18
Hard Boiled
28%
15
The Big Sleep
23.9%
9
Hidden
17.6%
7
Get Carter
16.9%
17
Point Blank
15.7%
20
A Prophet (tied)
11.1%
19
Long Good Friday
9.6%
24
Postman Always Rings Twice
5.8%
16
La Ceremonie
5.5%
25
Jour Se Leve
3.4%
Quiz Playlist
Details
Report
Send in Message
Add To Playlist
More Info:
The year is based on the year of release
Classic:
Type in answers that appear in a list
Quiz Source
Last Updated: Feb 16, 2017
Quiz Scoreboard
CHALLENGE
Sign Up to Join the Scoreboard
Show All
Scores
Hide
Comments
May contain spoilers
Recently Published
Street Fighter Characters
by Artimus82
Gaming
60s
9x9 Crossword: Cartoon Network
by jackfrog10
Miscellaneous
3m
College Basketball Coaching Resumes
by pancakes188
Sports
9m
More to Explore
Quiz From the Vault
Featured Blog Post
Where Did the Easter Bunny Come From?
hide this ad
You Might Also Like...
Tags
crime
Crime Movie
Guardian
Today's Top Quizzes in Movies
Browse Movies
hide this ad
Today's Top Quizzes in Crime Movie
Browse Crime Movie
Top Contributed Quizzes in Movies
1
Pick 5 Posters: Directed by Spielberg
2
7-to-1: Pixar Characters
3
Hidden Star Wars Character II
4
Pick 5 Posters: Lowest-Rated Spielberg
5
Sorting Actors
6
Sorting Actresses
7
Hidden Star Wars Character III
8
Pick 5 Posters: Directed by Scorsese
9
Hidden Star Wars Character IV
10
Pick 5 Posters: Star & Director
Explore More
Trending Topics
Harry Potter
NBA
Disney
Marvel
Kpop
Anime
Crossword
Pokémon
WWE
Song
NFL
Country
Puzzle
The Office
Soccer
hide this ad
More By:
oliverhancock
Quiz
Plays
Rating
Category
Featured
Created
Books to Read Before You Die
1,197
3.11
Literature
Apr 12, 2010
Directors of Oscar Winners (1970-2014)
917
3.92
Movies
Feb 16, 2010
Premiership's Greatest Foreign Players
824
4.50
Sports
Oct 18, 2010
The 100 Best Novels of the 20th Century
813
4.11
Literature
Sep 28, 2010
IGN's Top 25 Comic Book Movies
670
4.56
Movies
Feb 7, 2012
Go to Creator's Profile
Score Distribution
Quiz Creator Spotlight
oliverhancock
Follow
Send a Message
Quizzes Created
-
Created Quiz Play Count
-
More By This Creator
Popular Quizzes Today
1
Find the US States - No Outlines Minefield
2
Find the Countries of Europe - No Outlines Minefield
3
The Countries of the World
4
Find the US States
5
Risky Map Clicking: Biggest States A-Z
6
US States
7
Popular People in 1961
8
Movies - When Are They Set?
More Movies Quizzes
Hollywood Squares XXI
Published
Trending Quizzes
Risky Map Clicking: Least Populous States A-Z
Countries of the World: 200 Million BC
Billboard Blitz: Aretha Franklin
1-10 Letter G Words
Famous Russians: Author or Composer?
Recently Updated
Leaping Animals
pecheneg
Reality TV Shows (A-Z)
bhenderson79
Rickey Henderson's Hall of Fame Teammates
pecheneg
Champions League XIs: Arsenal
pecheneg
Quick Pick: Celebrities in WWE's Hall of Fame
aduchscher
A-Z Keypad Blitz II
pecheneg
Multiple Oscar Actors
pecheneg
Mystery Phrase Blitz: Oscar 'Best Actors'
pecheneg
F. Scott Fitzgerald Novels
LTH
Pick 3 Villains
ddd62291
Trending Topics
Marvel
Disney
Harry Potter
Crossword
Kpop
NBA
Anime
Puzzle
NFL
Song
Pokémon
Country
WWE
Soccer
The Office
Your Account Isn't Verified!
In order to create a playlist on Sporcle, you need to verify the email address you used during registration. Go to your
Sporcle Settings
to finish the process.
Report this User
Report this user for behavior that violates our
Community Guidelines
.
Details:
Send Report
Go to the Sporcle.com Mobile Site →
Comments